Manufacturing Engineering and Technology (Record no. 6842)
[ view plain ]
| 000 -LEADER | |
|---|---|
| fixed length control field | 00371nam a2200157Ia 4500 |
| 003 - CONTROL NUMBER IDENTIFIER | |
| control field | OSt |
| 008 - FIXED-LENGTH DATA ELEMENTS--GENERAL INFORMATION | |
| fixed length control field | 191201s2018 xx 000 0 und d |
| 082 ## - DEWEY DECIMAL CLASSIFICATION NUMBER | |
| Classification number | 670.427 |
| Item number | JAM |
| 100 ## - MAIN ENTRY--PERSONAL NAME | |
| Personal name | JAIN, Kalpak |
| 245 #0 - TITLE STATEMENT | |
| Title | Manufacturing Engineering and Technology |
| 260 ## - PUBLICATION, DISTRIBUTION, ETC. (IMPRINT) | |
| Name of publisher, distributor, etc | Pearson |
| Date of publication, distribution, etc | 2018 |
| 300 ## - PHYSICAL DESCRIPTION | |
| Extent | 1180 |
| 650 ## - SUBJECT ADDED ENTRY--TOPICAL TERM | |
| Topical term or geographic name as entry element | B.Tech(ME) |
| 700 ## - ADDED ENTRY--PERSONAL NAME | |
| Personal name | SCHMID, Steven |
| 942 ## - ADDED ENTRY ELEMENTS (KOHA) | |
| Source of classification or shelving scheme | Dewey Decimal Classification |
| Koha item type | Text Books |
| Withdrawn status | Lost status | Source of classification or shelving scheme | Damaged status | Not for loan | Collection code | Home library | Current library | Date acquired | Source of acquisition | Bill Number | Total Checkouts | Full call number | Acc. no. / Barcode | Date last seen | Bill Date | Koha item type | Public note | Cost, normal purchase price | Checked out | Date last borrowed | Actual Cost, discounted price |
|---|---|---|---|---|---|---|---|---|---|---|---|---|---|---|---|---|---|---|---|---|---|
| Dewey Decimal Classification | B.Tech(CSE) | PIET C-LIBRARY | PIET C-LIBRARY | 20/11/2013 | Donated by Director sir | Donated by Director sir | 670.427 KAM | 22836 | 04/12/2019 | 26/09/2013 | Text Books | Donated by Director sir | |||||||||
| Dewey Decimal Classification | B.Tech(ME) | PIET C-LIBRARY | PIET C-LIBRARY | 20/04/2012 | IBH, New Delhi | 85 | 1 | 670 KAM | 19217 | 03/11/2020 | 16/04/2012 | Text Books | 670.00 | 17/11/2020 | 03/11/2020 | ||||||
| Dewey Decimal Classification | B.Tech(ME) | PIET C-LIBRARY | PIET C-LIBRARY | 20/04/2012 | IBH, New Delhi | 85 | 670.427 KAM | 19218 | 04/12/2019 | 16/04/2012 | Text Books | 670.00 | |||||||||
| Dewey Decimal Classification | B.Tech(ME) | PIET C-LIBRARY | PIET C-LIBRARY | 20/04/2012 | IBH, New Delhi | 85 | 670.427 KAM | 19219 | 04/12/2019 | 16/04/2012 | Text Books | 670.00 | |||||||||
| Dewey Decimal Classification | B.Tech(ME) | PIET C-LIBRARY | PIET C-LIBRARY | 20/04/2012 | IBH, New Delhi | 85 | 670.427 KAM | 19220 | 04/12/2019 | 16/04/2012 | Text Books | 670.00 | |||||||||
| Dewey Decimal Classification | B.Tech(ME) | PIET C-LIBRARY | PIET C-LIBRARY | 20/04/2012 | IBH, New Delhi | 85 | 1 | 670.427 KAM | 19221 | 04/07/2022 | 16/04/2012 | Text Books | 670.00 | 21/06/2022 | |||||||
| Dewey Decimal Classification | B.Tech(ME) | PIET C-LIBRARY | PIET C-LIBRARY | 08/05/2013 | IBH, New Delhi | 1014 | 1 | 670.427 KAM | 21691 | 25/11/2020 | 06/05/2013 | Text Books | 750.00 | 30/09/2020 | |||||||
| Dewey Decimal Classification | B.Tech(ME) | PIET C-LIBRARY | PIET C-LIBRARY | 08/05/2013 | IBH, New Delhi | 1014 | 1 | 670.427 KAM | 21692 | 24/03/2022 | 06/05/2013 | Text Books | 750.00 | 23/03/2022 | |||||||
| Dewey Decimal Classification | B.Tech(ME) | PIET C-LIBRARY | PIET C-LIBRARY | 08/05/2013 | IBH, New Delhi | 1014 | 670.427 KAM | 21693 | 04/12/2019 | 06/05/2013 | Text Books | 750.00 | |||||||||
| Dewey Decimal Classification | B.Tech(ME) | PIET C-LIBRARY | PIET C-LIBRARY | 21/07/2020 | Kirti Prakashan | IN3884 | 670.427 JAM | 30526 | 04/12/2019 | 15/05/2019 | Text Books | 899.00 | 611.32 | ||||||||
| Dewey Decimal Classification | B.Tech(ME) | PIET C-LIBRARY | PIET C-LIBRARY | 21/07/2020 | Kirti Prakashan | IN3884 | 1 | 670.427 KAM | 30527 | 12/06/2025 | 15/05/2019 | Text Books | 899.00 | 09/06/2025 | 611.32 |